Giai thoại tiếu lâm Việt Nam

Sparad:
Bibliografiska uppgifter
Huvudupphovsman: Phan, Long
Materialtyp: Bok
Språk:Undetermined
Publicerad: Hà Nội Văn học 2001
Ämnen:
Taggar: Lägg till en tagg
Inga taggar, Lägg till första taggen!
Thư viện lưu trữ: Trung tâm Học liệu Trường Đại học Cần Thơ
LEADER 00552nam a2200205Ia 4500
001 CTU_56699
008 210402s9999 xx 000 0 und d
020 |b 14000 
082 |a 398.209597 
082 |b L431 
100 |a Phan, Long 
245 0 |a Giai thoại tiếu lâm Việt Nam 
245 0 |c Phan Long 
260 |a Hà Nội 
260 |b Văn học 
260 |c 2001 
650 |a Folk literature,Satire and humor 
650 |x Vietnamese 
904 |i T.Trang (sửa) 
980 |a Trung tâm Học liệu Trường Đại học Cần Thơ